000 00775nam a22002177a 4500
999 _c12915
_d12915
003 AR-CdUCM
008 190410b ||||| |||| 00| 0 spa d
040 _aMUNICIPALIDAD PROVINCIAL DEL CUSCO
_cBIBLIOTECA MUNICIPAL DEL CUSCO
082 _a985.41 /
_bB45
100 _aBernedo Malaga, Leonidas
_931043
245 _aLa cultura puquina :
_bHistoria /
260 _aArequipa :
_bPopulibro,
_c1958.
300 _a183 páginas ;
_c16 cm.
505 _aContenido : Palabras preliminares, por Rafael Larco Hoyle -- Introducción ...
650 _aCultura
_9126
650 _aPuquina
_931044
650 _aArequipa
_91703
710 _aInstituto de extensión cultural de la universidad de San Agustín de Arequipa
_97702
942 _2ddc
_cFOLLETOS
945 _arah
_d10/04/2019